000 00381nam a2200133 a 4500
005 20140414132057.0
008 110714s19uu xx 00 eng d
050 _aREF 220.9505
_bD78 1996
100 _aDrane, John
245 _aHeaven and earth :
_bMysteries of the bible.
260 _aSandy Lane West, Oxford, England :
_bLion,
_c1996.
440 _aBible world
999 _c114339
_d114339